Fault lines : (Record no. 51939)

MARC details
000 -LEADER
fixed length control field 01384nam a22003017a 4500
005 - DATE AND TIME OF LATEST TRANSACTION
control field 20180819121724.0
008 - FIXED-LENGTH DATA ELEMENTS--GENERAL INFORMATION
fixed length control field 110427t xxu||||| |||| 00| 0 eng d
010 ## - LCCN (DPL NO)
LC control number B-425624
020 ## - INTERNATIONAL STANDARD BOOK NUMBER
International Standard Book Number 9788172239732
Terms of availability 499.00
035 ## - SYSTEM CONTROL NUMBER
System control number B-425624
035 ## - SYSTEM CONTROL NUMBER
System control number B-428200-206
037 ## - SOURCE OF ACQUISITION
Source of stock number/acquisition RBC/VEN
037 ## - SOURCE OF ACQUISITION
Source of stock number/acquisition Allied/DE2010/CR/2777/16.3.11/280/4.3.11/30.3.11
040 ## - CATALOGING SOURCE
Original cataloging agency dpl
Language of cataloging English
082 ## - DEWEY DECIMAL CLASSIFICATION NUMBER
Classification number 330.90511
100 ## - MAIN ENTRY--PERSONAL NAME
Personal name Rajan, Raghuram G
9 (RLIN) 27494
245 ## - TITLE STATEMENT
Title Fault lines :
Remainder of title how hidden fractures still threaten the world economy /
Statement of responsibility, etc by Raghuram G. Rajan.
260 ## - PUBLICATION, DISTRIBUTION, ETC. (IMPRINT)
Place of publication, distribution, etc Noida
Name of publisher, distributor, etc Collins Business(An imprint of Harper Collins Publishers)
Date of publication, distribution, etc 2010
270 ## - ADDRESS
Address A-53, Sector 57, Noida
City Noida
Postal code 201301
300 ## - PHYSICAL DESCRIPTION
Extent x, 260 p.
Other physical details
Dimensions 24cm(Hb)
500 ## - GENERAL NOTE
General note Includes bibliographical references (p. 231-246) and index.
546 ## - LANGUAGE NOTE
Language note Includes verses in Hindi.
650 ## - SUBJECT ADDED ENTRY--TOPICAL TERM
Topical term or geographic name as entry element Private investigators |z India |v Fiction.
Geographic subdivision India.
9 (RLIN) 27497
651 ## - SUBJECT ADDED ENTRY--GEOGRAPHIC NAME
Geographic name India
General subdivision History
Chronological subdivision British occupation, 1765-1947.
9 (RLIN) 27498
942 ## - ADDED ENTRY ELEMENTS (KOHA)
Source of classification or shelving scheme Dewey Decimal Classification
Item type English Books
Classification part 330.90511
Call number suffix RAJ
Holdings
Withdrawn status Lost status Source of classification or shelving scheme Damaged status Not for loan Collection code Home library Current library Date acquired Source of acquisition Cost, normal purchase price Total Checkouts Full call number Barcode Date last seen Copy number Cost, replacement price Koha item type Total Renewals
    Dewey Decimal Classification     Non-fiction Central Library Central Library 04/05/2011 RBC/22493/23.3.11/76/4.3.11/25.3.11 499.00 7 330.90511 RAJ B-425624 19/01/2021 1 499.00 English Books  
    Dewey Decimal Classification     Non-fiction Janak Puri Janak Puri 09/08/2011 Allied/DE2010/CR/2777/16.3.11/280/4.3.11/30.3.11 499.00 7 330.90511 RAJ B-428201 05/01/2019 1 499.00 English Books 1
    Dewey Decimal Classification     Non-fiction Karol Bagh Karol Bagh 09/08/2011 Allied/DE2010/CR/2777/16.3.11/280/4.3.11/30.3.11 499.00   330.90511 RAJ B-428204 09/08/2011 1 499.00 English Books  
    Dewey Decimal Classification     Non-fiction Narela Narela 09/08/2011 Allied/DE2010/CR/2777/16.3.11/280/4.3.11/30.3.11 499.00   330.90511 RAJ B-428205 09/08/2011 1 499.00 English Books  
  Written-off vide DLB M. No. 383 dt 16.05.19 Dewey Decimal Classification     Non-fiction Patel Nagar Patel Nagar 09/08/2011 Allied/DE2010/CR/2777/16.3.11/280/4.3.11/30.3.11 499.00   330.90511 RAJ B-428200 09/08/2011 1 499.00 English Books  
    Dewey Decimal Classification     Non-fiction Sarojini Nagar Sarojini Nagar 09/08/2011 Allied/DE2010/CR/2777/16.3.11/280/4.3.11/30.3.11 499.00 3 330.90511 RAJ B-428202 24/01/2025 1 499.00 English Books 4
    Dewey Decimal Classification     Non-fiction Shahdara Branch Shahdara Branch 09/08/2011 Allied/DE2010/CR/2777/16.3.11/280/4.3.11/30.3.11 499.00 4 330.90511 RAJ B-428206 19/07/2019 1 499.00 English Books 1
    Dewey Decimal Classification     Non-fiction Vinoba Puri Vinoba Puri 09/08/2011 Allied/DE2010/CR/2777/16.3.11/280/4.3.11/30.3.11 499.00 4 330.90511 RAJ B-428203 22/06/2022 1 499.00 English Books 1

© Delhi Public Library
Hit Counter
free hit counter